Dolce Roma Guida all'incontro
Sábháilte in:
| Príomhchruthaitheoir: | |
|---|---|
| Formáid: | LEABHAR |
| Teanga: | Béarla |
| Clibeanna: |
Níl clibeanna ann, Bí ar an gcéad duine le clib a chur leis an taifead seo!
|
MARC
| LEADER | 00000nam a2200000 4500 | ||
|---|---|---|---|
| 005 | 20240724161207.0 | ||
| 008 | 240724b |||||||| |||| 00| 0 eng d | ||
| 040 | |c GP | ||
| 100 | |a Robin | ||
| 245 | |a Dolce Roma |b Guida all'incontro | ||
| 942 | |2 ddc |c BK |n 0 | ||
| 952 | |0 0 |1 0 |2 ddc |4 0 |6 085_000000000000000_ROB |7 1 |9 1670 |a RM |b RM |d 2024-07-24 |l 0 |o 085 ROB |p 45 |r 2024-07-24 16:12:27 |w 2024-07-24 |y BK | ||
| 999 | |c 1483 |d 1483 | ||